Tableau périodique des éléments : Éléments par A - Statistiques

Statistiques générales
  • Ce quiz a été pris 765 fois
    764 depuis la dernière actualisation
  • Le résultat moyen est 6 sur 9
Statistiques - réponses
Éléments % Correct
Aluminium
83%
Argon
80%
Argent
76%
Azote
71%
Arsenic
65%
Astate
59%
Américium
58%
Antimoine
52%
Actinium
50%
Aucun quiz correspondant
Distribution des résultats
% des personnes avec chaque résultat
Percentile par nombre de réponses
Votre historique - résultats
Vous n’avez pas pris ce quiz depuis la dernière actualisation